000 00453nam a2200181Ia 4500
001 16382
005 20260306170305.0
008 260306t2018||||xx |||||||||||||| ||und||
041 _aESP
082 _a348.55
_bF41
100 _aFernández Bermejo, Daniel
_eAUT
245 0 _aCiberseguridad, ciberespacio y ciberdelincuencia
260 _c2018
300 _a236 páginas :
_c23 cm.
650 _aGEN
654 _aCDE
942 _cLIB
_dJUS
_fJUS
_2ddc
_n
999 _c16382
_d16382